| 000 | 00738nam a2200241 a 4500 | ||
|---|---|---|---|
| 999 |
_c3133 _d3133 |
||
| 001 | 994248 | ||
| 003 | GBCCL | ||
| 005 | 20241126110447.0 | ||
| 008 | 860403s1985 gaua 000 0 eng | ||
| 010 | _a 86139925 | ||
| 020 | _a18002231694 | ||
| 040 |
_aDLC _cDLC _dDLC |
||
| 050 | 0 | 0 |
_aBV652.24 _b.T53 1985 |
| 082 | 0 | 0 |
_a254.5 _219 _bTIN |
| 100 | 1 |
_aTinsley, William C. _96481 |
|
| 245 | 1 | 0 |
_aBreaking the mold : _bchurch planting in the 21st century / _cby William C. Tinsley. |
| 260 |
_aDallas : _bCreative church consultations, _cc1996. |
||
| 300 |
_a124 p. : _bill. ; _c23 cm. |
||
| 650 | 0 |
_aChurch development, New. _942 |
|
| 650 | 0 |
_aChurch growth. _9291 |
|
| 906 |
_a7 _bcbc _corignew _d3 _encip _f19 _gy-gencatlg |
||
| 942 |
_2ddc _cBK _07 |
||